Random Famous Figures in the 20-21 century - Statistics

General Stats
  • This quiz has been taken 83 times
  • The average score is 10 of 15
Answer Stats
Picture Answer % Correct
Kim Jong Un
96%
Usain Bolt
93%
Joseph Stalin
89%
Elon Musk
86%
Winston Churchill
86%
Bill Gates
85%
Michelle Obama
84%
David Beckham
74%
Diego Maradona
73%
Paul McCartney
47%
Audrey Hepburn
42%
Charlie Chaplin
34%
John Williams
23%
Don Bradman
20%
Rupert Murdoch
16%
No matching quizzes found
Score Distribution
Percent of People with Each Score
Percentile by Number Answered
Your Score History
You have not taken this quiz